LEADER 00543nam 2200205zu 450 001 9911061764603321 005 20260204174800.0 035 $a(CKB)45195727100041 035 $a(EXLCZ)9945195727100041 100 $a20260204|2022uuuu || | 101 0 $aita 135 $aur||||||||||| 200 10$aMedioevo migratorio 210 $cSocietā editrice il Mulino, Spa$d2022 311 08$a88-15-37412-4 700 $aOrlando$b Ermanno$0477601 906 $aBOOK 912 $a9911061764603321 996 $aMedioevo migratorio$93373918 997 $aUNINA